000 00614 a2200193 4500
020 _a0387948414
020 _a9780387948416
082 0 4 _a515.8
090 _c1568
_d1568
100 1 _aLang, Serge.
245 1 0 _aUndergraduate analysis /
_cSerge Lang.
250 _a2nd ed.
260 _a[S.l.] :
_bSpringer,
_c1996.
300 _a683 p. ;
_c24 cm.
490 1 _aUndergraduate texts in mathematics.
830 _aUndergraduate texts in mathematics
942 _aSNS
_cBK
_k515.8 LAN
999 _c30178
_d30178